000 00432nam a22001457a 4500
999 _c3522
_d3522
005 20190927121029.0
008 101028t mx ||||| |||| 00| 0 sp d
020 _a9709056107
050 0 4 _aPN4001
_bE88 1999
050 0 4 _aPN4055.M6
_bE88 1999
100 1 _aEstrada Granados, Eleazar
245 1 3 _aEl esplendor de la elocuencia en México
_b : antología
_c / Eleazar Estrada Granados.
250 _a1a ed.
260 _aMorelia, México :
_bUniversidad Michoacana de San Nicolás de Hidalgo,
_c1999
300 _a322 p. ;
_c21 cm.
490 0 _aQuehacer Nicolaíta
504 _aIncluye bibliografía
650 7 _2lemb
_aOratoria
_zMéxico
650 7 _2lemb
_aOradores mexicanos
650 7 _2lemb
_aOratoria política
_zMéxico
942 _2lcc
_cLIB